Pasta challenge - Statistics

Statistiche generali
  • Questo quiz è stato fatto 107 volte
    45 dall'ultimo reset
  • Il punteggio medio è 25 su 82
Statistiche sulle risposte
Risposta % Corretto
spaghetti
92%
farfalle
87%
penne
87%
tagliatelle
87%
fusilli
85%
tortelli
79%
ravioli
77%
linguine
74%
bucatini
72%
cannelloni
69%
rigatoni
69%
stelline
69%
tortellini
69%
trofie
67%
gnocchi
64%
lasagne
64%
maccheroni
64%
mezze maniche
62%
ditalini
59%
orecchiette
56%
paccheri
54%
ruote
54%
strozzapreti
44%
mezze penne
41%
pappardelle
41%
risoni
41%
tagliolini
41%
tortiglioni
41%
maltagliati
38%
capelli d'angelo
36%
pipe
36%
cappelletti
33%
conchiglioni
31%
fettuccine
31%
spaghettini
31%
pici
28%
sedani
28%
bigoli
26%
cavatelli
26%
farfalline
26%
tortelloni
26%
vermicelli
26%
calamarata
21%
trenette
21%
lumache
18%
radiatori
18%
reginette
18%
spaghetti alla chitarra
18%
garganelli
15%
passatelli
15%
pizzoccheri
15%
tempestine
15%
anellini
13%
bavette
13%
busiate
10%
gramigna
10%
mafalde
10%
anelletti
8%
cavatappi
8%
culurgiones
8%
elicoidali
8%
malloreddus
8%
scialatielli
8%
mezzelune
5%
quadrettini
5%
casarecce
3%
fileja
3%
reginelle
3%
sagne
3%
strascinati
3%
troccoli
3%
tubetti
3%
ziti tagliati
3%
cencioni
0%
fiorentine
0%
gigli
0%
lorighittas
0%
paternostri
0%
perciatelli
0%
strangozzi
0%
testaroli
0%
tripolini
0%
Nessun quiz corrispondente trovato
Distribuzione punteggi
Percentuale di utenti per punteggio
Percentile per numero di risposta
I tuoi punteggi nel tempo
Non hai fatto questo quiz dall'ultimo reset